Statistiques concernant Les compositeurs autrichiens de musique classique

Cliquez ici pour prendre le quiz!

Statistiques générales

  • Ce quiz a été pris 41 fois
  • Le résultat moyen est 4 sur 6

Statistiques - réponses

OeuvreCompositeur% Correct
Requiem in D minor : Lacrimosa, Sonata No. 11 in A major : Rondo alla Turca, Symphony No. 40 in G minor, Piano concerto No. 21, Eine kleine nachtlustik N. 525, The marriage of Figaro, The magic flute queen of the night Aria, The piano sonata No. 16 in C major.Wolfgang Amadeus Mozart
100%
Radetzky march.Johann Strauss I
85%
The blue Danube, Voice of spring, Die fledermaus : Overture.Johann Strauss II
85%
Piano trio No. 2 Op. 100, Ave Maria, Impromptu No. 3, Moments musicaux No. 3 in F minor, Serenade.Franz Schubert
53%
String quartet No. 62 in C major Op. 76 No. 3 : Emperor.Joseph Haydn
50%
Piano quartet, Symphony No. 5, Symphony No. 9.Gustav Mahler
18%

Distribution des résultats

Percentile par nombre de réponses

% des personnes avec chaque résultat

Votre développement - résultats

Vous n’avez pas pris ce quiz